000 00798nam a2200217 i 4500
001 88443
003 ES-MaACL
005 20230906175849.0
007 t|
008 050104s1984 sp ||||1| spa d
020 _a84-7232-321-8
080 _a910.4(=1.460)"15/16"
100 1 _aLandín Carrasco, Amancio.
_969955
245 1 0 _aIslario español del Pacífico :
_bidentificación de los descubrimientos en el mar del Sur /
_cAmancio Landín Carrasco.
260 _a[Madrid] :
_bInstituto de Cooperación Iberoamericana,
_c[1984]
300 _a207 p. :
_bmapas pleg. ;
_c23 cm.
504 _aBibliografía: p. 151-156.
651 4 _aPacífico-
_xDescubrimientos y exploraciones-
_xEspañoles.
_9155865
710 2 _aInstituto de Cooperación Iberoamericana.
_94848
852 4 _aES-MaACL
_jL-6953
999 _c88443
_d88443